Menu lengkap 100 resipi

Bibliographic Details
Main Author: Suwarsi M. Arukin (Author)
Format: Book
Language:Malay
Published: Shah Alam, Selangor : GRUP BUKU KARANGKRAF SDN. BHD. 2010
Subjects:

MARC

LEADER 00000cam a2200000 7i4500
001 0000028105
005 20241121.0
008 180827 my o may
020 |a 9789831245910 
040 |a INS   |b eng   |e rda 
090 0 0 |a TX724.5.M4   |b S89 2010 
100 0 |a Suwarsi M. Arukin ,   |e author 
245 1 0 |a Menu lengkap 100 resipi   |c Suwarsi M. Arukin 
264 1 |a Shah Alam, Selangor :   |b GRUP BUKU KARANGKRAF SDN. BHD.   |c 2010 
300 |a 223 pages :   |b colour photographs ;   |c 24 cm. 
336 |a text  |2 rdacontent 
337 |a unmediated  |2 rdamedia 
338 |a volume  |2 rdacarrier 
650 0 |a Cooking 
650 0 |a Cooking, Malaysian 
999 |a 1000003561   |b BOOK   |c Open Shelf   |e Default branch